| 000 | 00932nam a2200253 i 4500 | ||
|---|---|---|---|
| 003 | DO-SdBNP | ||
| 005 | 20240116094846.0 | ||
| 007 | ta | ||
| 008 | 240116b1917 dr ||||| |||| 00| 0 spa d | ||
| 040 |
_aDO-SdBNP _bspa _cBNPHU _erda |
||
| 082 | 4 | _222 | |
| 110 | 2 |
_aUniversidad Central de Santo Domingo _bFacultad de Derecho y Ciencias políticas _984773 |
|
| 245 | 1 | 0 |
_aCuál es la sanción de las formalidades que deben tener efecto en Santo Domingo, conforme a los artículos 170 y 171 del código civil dominicano? : _btesis para la licenciatura / _cM. de J. Rodríguez Volta |
| 264 |
_aSanto Domingo : _bLa Cuna de América, _c1917. |
||
| 300 |
_a26 páginas ; _c23 cm. |
||
| 336 |
_2rdacontent _atexto _btxt |
||
| 337 |
_2rdamedia _asin mediación _bn |
||
| 338 |
_2rdacarrier _avolumen _bnc |
||
| 500 | _aTesis | ||
| 504 | _aBibliografía : p. 27 | ||
| 590 | _aInventariado, 2024/BT | ||
| 910 | _aBtavárez | ||
| 942 |
_2ddc _cLF2 |
||
| 999 |
_c55684 _d55684 |
||